In welchem deutschen Bundesland liegt die Stadt? - Statistiken

Allgemein
  • Dieses Quiz wurde 5.097 mal gespielt
  • Das Durchschnittsergebnis liegt bei 13 aus 26
Antwortstatistiken
Hint Antwort % Korrekt
Baden-Baden Baden-Württemberg
83%
Flensburg Schleswig-Holstein
78%
Bamberg Bayern
72%
Konstanz Baden-Württemberg
66%
Cuxhaven Niedersachsen
66%
Koblenz Rheinland-Pfalz
62%
Siegen Nordrhein-Westfalen
61%
Oranienburg Brandenburg
58%
Moers Nordrhein-Westfalen
58%
Cottbus Brandenburg
56%
Weimar Thüringen
56%
Greifswald Mecklenburg-Vorpommern
55%
Aue Sachsen
54%
Salzgitter Niedersachsen
53%
Marburg Hessen
51%
Meißen Sachsen
46%
Lindau Bayern
45%
Güstrow Mecklenburg-Vorpommern
43%
Neunkirchen Saarland
38%
Quedlinburg Sachsen-Anhalt
36%
Stendal Sachsen-Anhalt
31%
Völklingen Saarland
28%
Nordhausen Thüringen
27%
Rüdesheim Hessen
26%
Zweibrücken Rheinland-Pfalz
26%
Mölln Schleswig-Holstein
18%
Keine übereinstimmenden Quizze gefunden
Verteilung der Resultate
Anzahl Personen mit jedem Resultat
Perzentil nach korrekt beantworteten Fragen
Ihre Resultats-Entwicklung
Sie haben dieses Quiz noch nicht gespielt